Can we have gasoline plantations ? (Record no. 55077)

MARC details
000 -LEADER
fixed length control field 00321nam a2200109Ia 4500
100 ## - MAIN ENTRY--AUTHOR NAME
Personal name Devendra Kumar
245 #0 - TITLE STATEMENT
Title Can we have gasoline plantations ?
260 ## - PUBLICATION, DISTRIBUTION, ETC. (IMPRINT)
Name of publisher Rubber Board Bulletin (Reproduced from Science reporter, June 1979)
Year of publication 1978
300 ## - PHYSICAL DESCRIPTION
Number of Pages 28-33
942 ## - ADDED ENTRY ELEMENTS (KOHA)
Koha item type Journals
Holdings
Withdrawn status Lost status Damaged status Not for loan Home library Current library Shelving location Date acquired Serial Enumeration / chronology Koha item type
      Journals RRII Library RRII Library Rubber general 17/12/2021 Volume 15, Issue 02-Jan Journals